000 01367pam a2200469 i 4500
001 vtls000736207
003 PNM
005 20221219155729.0
008 140317s2014 my e 000 f may
015 _aM14-08907
020 _a9789673651887
_qpaperback
_cRM0.00
039 9 _a201704112207
_bzaleha
_c201411111508
_dnooraini
_c201410161230
_dazeantie
_c201410161053
_dazeantie
040 _aBNM
_beng
_cBNM
_dPNM
_dBNM
_dPPAK
_erda
049 _aklpmal
082 0 4 _a899.2333
_223
090 0 0 _a899.2333
_bANN
_dG
100 0 _aAnna Lee,
_eauthor.
245 1 0 _aMENCARI MR. CHARMING /
_cAnna Lee
264 1 _aKuala Lumpur :
_bFajar Pakeer Sdn. Bhd.,
_c2014
300 _a662 pages :
_c18 cm
336 _atext
_2rdacontent
337 _aunmediated
_2rdamedia
338 _avolume
_2rdacarrier
650 1 0 _aMalaysian fiction (Malay)
650 2 0 _aMalay fiction
942 _2ddc
_cB
949 _62000080584
_a899.2333 ANN M
_e2233458
949 _62000080583
_a899.2333 ANN M
_e2233457
949 _61001216564
949 _61001216565
_s2101:20170711
949 _61001216566
949 _61001216567
949 _61001216568
949 _61001216569
949 _61001216570
949 _61001216571
949 _61001216572
949 _61001216573
949 _61001216574
_s6700:20220223
949 _61001216575
949 _61001216576
999 _c189584
_d189584